000 00641nam a22002057a 4500
003 OSt
005 20210419072513.0
008 201216s1959 ||||| |||| 00| 0 eng d
040 _aeng
_beng
_cDLC
041 _aeng
_hfre
080 _a821.111
_bS-61
100 _9518
_aSimenon, Georges
245 _aThe Short Cases of Inspector Maigret
_c/ by: Modern Literary Editions Publishing Company
260 _aNew York
_bModern Literary Editions Publishing Company
_c1959
300 _a205 p.
365 _b0.75 usd
650 0 _9254
_aEnglish literature
653 _aინგლისური ლიტერატურა
942 _2udc
_cBK
999 _c1954
_d1954